Leader xxxxxxxxxx
001 __ PCLIS00048607
005 __ 20221019095901.0
010 0_ |a978-986-133-533-9|b平裝|dNT$300
100 __ |a20150417d2015 m y0chiy09 e
101 0_ |achi
102 __ |atw
105 __ |aa z 000cy
200 1_ |a溫柔的心,強大的力量|e德國人的日常思考|f鄭華娟著
205 __ |a初版
210 __ |a臺北市|c圓神出版|c叩應經銷|d2015[民104]
215 0_ |a201面|c彩圖|d21公分
225 2_ |a鄭華娟系列|v25
300 __ |a本館最新館藏為2015年10刷
410 _1 |12001 |a鄭華娟系列|v25
517 1_ |a德國人的日常思考|zchi
606 __ |2cst|a散文
681 __ |a855|b8466
700 _1 |a鄭|b華娟|4著
801 _0 |atw|b內湖高中|c20140417|gCCR
801 _1 |atw|b內湖高中|c20151109|gCCR
801 _2 |atw|b內湖高中|c20221018|gCCR
|